| 000 | 02089nam a2200301 a 4500 | ||
|---|---|---|---|
| 001 | 000005678 | ||
| 003 | DO-SdBNP | ||
| 005 | 20260123084624.0 | ||
| 007 | ta | ||
| 008 | 090821s2021 dr 000 0 spa d | ||
| 020 | _a9789945425628 | ||
| 040 |
_aDO-SdBNP _bspa _cBNPHU |
||
| 082 |
_a346.046 _bC758p, 2021 |
||
| 245 | 0 | 0 |
_aConstitucionalización del proceso civil / _cHermógenes Acosta ... [et al.]. |
| 250 | _a2da.ed. | ||
| 260 |
_aSanto Domingo : _bEscuela Nacional de la Judicatura, _c2021. |
||
| 300 |
_a615 p. ; _c24 cm. |
||
| 505 | 2 | _aProceso civil y Constitución 8 -- Constitución y proceso civil en el derecho español 54 -- Los principios constitucionales referentes al objeto del proceso, su dirección y desarrollo formal 66 -- Los principios constitucionales rectores del proceso civil I 96 -- El control judicial de adecuación constitucional en la jurisdicción civil. La cuestión de inconstitucionalidad 138 -- El control judicial de adecuación constitucional en la jurisdicción civil y la cuestión de inconstitucionalidad en derecho español 238 -- Los principios constitucionales de contradicción, audiencia y defensa en el proceso civil 258 -- Los principios constitucionales rectores del proceso civil II 282 -- El derecho a la prueba 328 -- Los principios constitucionales relativos a la prueba. La valoración y administración de la prueba. La iniciativa probatoria del juez 362 -- El derecho a recurrir como un derecho constitucional 394 -- El derecho a los recursos como derecho constitucionalmente reconocido 425 -- El Derecho procesal civil internacional 456 -- La aplicación del juez nacional del Derecho comunitario. La cuestión prejudicial 520 -- La conciliación en el proceso civil español 550 | |
| 590 | _aInventariado, 2018/LP | ||
| 650 | 4 |
_aProceso civil _916042 _zRepública dominicana |
|
| 650 | 0 |
_aDerecho procesal _9555 |
|
| 650 | 0 |
_aDerecho constitucional _910314 |
|
| 700 | 1 |
_aMachado Plazas, José _916043 |
|
| 700 | 1 |
_aRamírez Suzana, Manuel _916044 |
|
| 700 | 1 |
_aPicó, Joan _916045 |
|
| 910 | _aDG | ||
| 942 |
_2ddc _cLBS1 |
||
| 999 |
_c52506 _d52506 |
||